[Event "Mazowiecki Festiwal Szachowy - gr. A"]
[Site "Grodzisk Mazowiecki"]
[Date "2007.02.23"]
[Round "4"]
[White "Vovk, Yuri"]
[Black "Macieja, Bartlomiej"]
[Result "0-1"]
[WhiteElo "2557"]
[BlackElo "2596"]
[EventDate "2007.07.20"]

1. d4 Nf6 2. Nf3 e6 3. g3 b5 4. Qd3 a6 5. Bg5 Bb7 6. Nbd2 c5 7. dxc5 Bxc5
8. O-O-O Be7 9. Bg2 h6 10. Bxf6 Bxf6 11. Ne4 Bxe4 12. Qxe4 Nc6 13. h4 Rc8
14. Kb1 d5 15. Qf4 Qa5 16. c3 O-O 17. a3 Rb8 18. e4 dxe4 19. Qxe4 b4 20.
cxb4 Nxb4 21. Ng5 g6 22. Nxf7 Rxf7 23. axb4 Rxb4 24. Qxg6+ Kf8 25. Rd2 Qb6
26. Kc1 Rxb2 27. Be4 Rc7+ 28. Kd1 Rxd2+ 29. Kxd2 Qxf2+ 30. Kd1 Rd7+ 31. Bd3
Qf3+ 32. Kd2 Rxd3+ 33. Qxd3 Qxh1 34. Qg6 Qd5+ 35. Ke2 Bg7 0-1

[Event "Mazowiecki Festiwal Szachowy - gr. A"]
[Site "Grodzisk Mazowiecki"]
[Date "2007.02.23"]
[Round "4"]
[White "Czarnota, Pawel"]
[Black "Gasanov, Eldar"]
[Result "1/2-1/2"]
[WhiteElo "2575"]
[BlackElo "2499"]
[EventDate "2007.07.20"]

1. e4 e5 2. Nf3 Nc6 3. Bb5 a6 4. Ba4 Nf6 5. O-O Be7 6. Re1 b5 7. Bb3 d6 8.
a4 b4 9. d4 O-O 10. dxe5 dxe5 11. Qxd8 Rxd8 12. Bg5 Rb8 13. Nbd2 h6 14.
Bxf6 Bxf6 15. h3 Na5 16. Kf1 Bb7 17. Ba2 Rd6 18. Nc4 Nxc4 19. Bxc4 a5 20.
b3 Kf8 21. Bd3 Rbd8 22. Ke2 Rc6 23. Rad1 Rc3 24. Nd2 Rd4 25. Kf1 Rc5 26. g3
Bc8 27. Kg2 Be6 28. Nc4 Bxc4 29. Bxc4 Rxd1 30. Rxd1 Be7 31. f4 exf4 32.
gxf4 f6 33. Kf3 Bd6 34. f5 h5 35. Rd3 Ke7 36. c3 Rc6 37. cxb4 Bxb4 38. Rd5
Rd6 39. Rb5 Rd5 1/2-1/2

[Event "Mazowiecki Festiwal Szachowy - gr. A"]
[Site "Grodzisk Mazowiecki"]
[Date "2007.02.23"]
[Round "4"]
[White "Socko, Monika"]
[Black "Sulskis, Sarunas"]
[Result "1/2-1/2"]
[WhiteElo "2479"]
[BlackElo "2537"]
[EventDate "2007.07.20"]

1. e4 d5 2. exd5 Qxd5 3. Nc3 Qa5 4. d4 Nf6 5. Bc4 Nc6 6. Ne2 Bg4 7. f3 Be6
8. Bb5 O-O-O 9. Bxc6 bxc6 10. Bd2 Qa6 11. O-O c5 12. dxc5 Bc4 13. Qe1 e5
14. Be3 Nd5 15. Nxd5 Rxd5 16. Nc3 Rxc5 17. Qf2 Ra5 18. Rfd1 Bb4 19. a3 Bxc3
20. bxc3 Rd5 21. Rxd5 Bxd5 22. Re1 Qxa3 23. Bxa7 Qxc3 24. Qg3 Re8 25. Bf2
Qxc2 26. Qg4+ Be6 27. Qxg7 Qg6 28. Qxe5 Bd7 29. Qa1 Rxe1+ 30. Bxe1 Bc6 31.
Bg3 h5 32. Qh8+ Kb7 33. Qb2+ Kc8 1/2-1/2

[Event "Mazowiecki Festiwal Szachowy - gr. A"]
[Site "Grodzisk Mazowiecki"]
[Date "2007.02.23"]
[Round "4"]
[White "Onischuk, Vladimir"]
[Black "Melkumyan, Hrant"]
[Result "0-1"]
[WhiteElo "2506"]
[BlackElo "2399"]
[EventDate "2007.07.20"]

1. e4 e5 2. Nf3 Nc6 3. Bb5 Nf6 4. d3 Bc5 5. c3 d6 6. Nbd2 O-O 7. h3 a6 8.
Ba4 b5 9. Bc2 Bb7 10. Nf1 d5 11. Qe2 d4 12. Ng3 dxc3 13. bxc3 b4 14. Bb2 a5
15. O-O Nd7 16. cxb4 axb4 17. Bb3 Qf6 18. Nf5 Ne7 19. Ne3 Ng6 20. g3 Ba6
21. Nc4 Rfe8 22. Rac1 Bb5 23. h4 Ba7 24. Kg2 Rad8 25. h5 Ngf8 26. Rcd1 h6
27. Qc2 Re7 28. Qe2 Rde8 29. Rc1 Kh8 30. Rfd1 Nh7 31. Ne3 Bxe3 32. Qxe3 c5
33. Nd2 Qa6 34. Nc4 Nhf6 35. Qf3 Nb6 36. Nd6 Na4 37. Nxe8 Bxe8 38. Bxa4
Bxa4 39. Rxc5 Bxd1 40. Qxd1 Qxa2 41. Bxe5 Ne8 42. Bd4 Qa3 43. Qd2 Kg8 44.
Rb5 b3 45. Qc3 Rd7 46. Be3 Qd6 47. Rxb3 Nf6 48. Qa5 Qe6 49. Rc3 Kh7 50. Qb6
Rd6 51. Qc5 Rxd3 52. e5 Ne4 53. Qc4 Rxc3 54. Qxe4+ f5 55. Qd4 Qc6+ 56. Kh2
Rc4 57. Qd8 Qe6 58. Qd3 Ra4 59. Bf4 Ra2 60. Qe3 Qc4 61. Kg2 Ra1 62. Kh2 Qd5
63. f3 Qa2+ 0-1

[Event "Mazowiecki Festiwal Szachowy - gr. A"]
[Site "Grodzisk Mazowiecki"]
[Date "2007.02.23"]
[Round "4"]
[White "Krysztofiak, Marcin"]
[Black "Cyborowski, Lukasz"]
[Result "1/2-1/2"]
[WhiteElo "2414"]
[BlackElo "2560"]
[EventDate "2007.07.20"]

1. d4 Nf6 2. c4 e6 3. Nc3 Bb4 4. Qc2 d5 5. cxd5 Qxd5 6. Nf3 Qf5 7. Qxf5
exf5 8. a3 Bd6 9. Nb5 Be6 10. e3 a6 11. Nxd6+ cxd6 12. Bd3 Nc6 13. b4 Kd7
14. Bb2 Ne7 15. Nd2 Ned5 16. O-O Rac8 17. b5 axb5 18. Bxb5+ Ke7 19. Rfc1
Ne4 20. Nxe4 fxe4 21. a4 Rxc1+ 22. Rxc1 Ra8 23. Rb1 Bd7 24. Bc4 Nb6 25. Bf1
Rxa4 26. Bc1 Nd5 27. Rxb7 Ra1 1/2-1/2

[Event "Mazowiecki Festiwal Szachowy - gr. A"]
[Site "Grodzisk Mazowiecki"]
[Date "2007.02.23"]
[Round "4"]
[White "Malaniuk, Vladimir"]
[Black "Olszewski, Michal"]
[Result "1-0"]
[WhiteElo "2522"]
[BlackElo "2409"]
[EventDate "2007.07.20"]

1. d4 Nf6 2. Nf3 e6 3. e3 c5 4. c4 cxd4 5. exd4 d5 6. Nc3 Bb4 7. cxd5 Nxd5
8. Qc2 Qc7 9. Bd2 Nd7 10. Bd3 Bxc3 11. bxc3 N5f6 12. O-O b6 13. Rfe1 Bb7
14. Ne5 Rc8 15. Rac1 Nxe5 16. Rxe5 h6 17. Qd1 Qe7 18. Re3 Nd5 19. Rg3 g5
20. c4 Nf4 21. Bf1 Rd8 22. Qa4+ Qd7 23. Qxa7 Ra8 24. Qxb6 Rxa2 25. Bxf4
gxf4 26. Rb3 Bc8 27. Qc5 Rg8 28. Qe5 Rd2 29. d5 f3 30. Rxf3 1-0

[Event "Mazowiecki Festiwal Szachowy - gr. A"]
[Site "Grodzisk Mazowiecki"]
[Date "2007.02.23"]
[Round "4"]
[White "Kukawski, Maciej"]
[Black "Sergeev, Vladimir"]
[Result "0-1"]
[WhiteElo "2251"]
[BlackElo "2488"]
[EventDate "2007.07.20"]

1. e4 Nf6 2. e5 Nd5 3. d4 d6 4. c4 Nb6 5. exd6 exd6 6. Nc3 Be7 7. Qf3 Nc6
8. Be3 O-O 9. O-O-O Bg5 10. Nh3 Bxe3+ 11. fxe3 Be6 12. Bd3 Qh4 13. b3 Bxh3
14. gxh3 Rae8 15. Kb2 Re6 16. Bf5 Rh6 17. Rdg1 Ne7 18. Bc2 c6 19. Rg3 d5
20. Rhg1 g6 21. c5 Nd7 22. Rf1 f5 23. Ne2 Kh8 24. Kb1 Ng8 25. Qg2 Re8 26.
Nf4 Qe7 27. Rg1 Ngf6 28. Rf3 Ne4 29. Bxe4 Qxe4+ 30. Ka1 Nf6 31. Kb2 Nh5 32.
Ne2 a6 33. Nc3 Qe7 34. Nd1 Nf6 35. Nf2 Ne4 36. Nd3 Rh5 37. Nf4 Rg5 38. Qh1
Qf6 39. Kc2 Rxg1 40. Qxg1 Re7 41. Ne2 Ng5 42. Rg3 Ne6 43. Qf2 Qh4 44. Kb2
Ng5 45. Qf4 Qxf4 46. Nxf4 Ne6 47. Nxe6 Rxe6 48. Kc3 Kg7 49. Kb4 Kf6 50. Ka5
g5 51. Rf3 h5 52. Kb6 Re7 53. h4 g4 54. Rg3 f4 55. exf4 Kf5 56. Rg1 Rh7 57.
Rf1 Ke4 58. f5 Kxd4 59. f6 Rf7 60. Rf5 Kc3 61. Re5 d4 62. Re7 Rxf6 63. Kxb7
d3 64. Rd7 d2 65. Kc7 a5 66. a3 Kc2 0-1

[Event "Mazowiecki Festiwal Szachowy - gr. A"]
[Site "Grodzisk Mazowiecki"]
[Date "2007.02.23"]
[Round "4"]
[White "Brzeski, Maciej"]
[Black "Szoen, Dariusz"]
[Result "0-1"]
[WhiteElo "2356"]
[BlackElo "2452"]
[EventDate "2007.07.20"]

1. e4 c5 2. Nf3 e6 3. d4 cxd4 4. Nxd4 a6 5. Bd3 Qc7 6. c4 Nf6 7. O-O Nc6 8.
Nb3 Ne5 9. Qe2 b6 10. Nc3 Bb7 11. f3 Rc8 12. Be3 d6 13. a4 Nxd3 14. Qxd3
Qxc4 15. Qxc4 Rxc4 16. Rfc1 Rb4 17. Nd2 d5 18. Na2 Rxb2 19. Rc7 Bc5 20. Nf1
Rb3 21. Rxb7 Rxe3 22. Nxe3 Bxe3+ 23. Kf1 O-O 24. Nb4 dxe4 25. Nxa6 exf3 26.
gxf3 Nd5 27. Ke2 Bf4 28. a5 Be5 29. Ra3 Bd6 30. Ra1 bxa5 31. Rxa5 h6 32.
Nc5 Rc8 33. Nd7 Bxh2 34. Rba7 Rc2+ 35. Kd3 Rc3+ 0-1

[Event "Mazowiecki Festiwal Szachowy - gr. A"]
[Site "Grodzisk Mazowiecki"]
[Date "2007.02.23"]
[Round "4"]
[White "Llaneza Vega, Marcos"]
[Black "Szwed, Jacek"]
[Result "1-0"]
[WhiteElo "2438"]
[BlackElo "2364"]
[EventDate "2007.07.20"]

1. e4 c5 2. Nf3 d6 3. d4 Nf6 4. Nc3 cxd4 5. Nxd4 a6 6. Be3 e5 7. Nf3 Qc7 8.
a4 b6 9. Be2 Bb7 10. Nd2 Nbd7 11. O-O Nc5 12. f3 Be7 13. Nc4 h6 14. a5 b5
15. Nb6 Rb8 16. Qe1 O-O 17. Qg3 Kh8 18. Rfd1 Ncd7 19. Rd2 Nxb6 20. Bxb6 Qc8
21. Rad1 Bc6 22. Rxd6 Bxd6 23. Rxd6 Re8 24. Bd3 Nd7 25. Be3 Re6 26. Rxe6
fxe6 27. Qh3 Qe8 28. Ne2 Qf7 29. b4 Qe7 30. Bd2 Nf6 31. Qg3 Qa7+ 32. Kh1
Rf8 33. Qxe5 Ng4 34. Qd4 Qxd4 35. Nxd4 Nf2+ 36. Kg1 Nxd3 37. cxd3 Bd7 38.
Nb3 Bc8 39. Bc3 Kg8 40. Kf2 Kf7 41. Ke3 Rd8 42. Nc5 g5 43. Be5 Re8 44. Kf2
Kg6 45. Kg3 Rf8 46. Kf2 Re8 47. Ke3 Kf7 48. d4 h5 49. Nd3 Bb7 50. Bd6 Kf6
51. Ne5 Rd8 52. Bc5 Rc8 53. Kf2 Rc7 54. Kg3 Rg7 55. Bb6 Rg8 56. Nd7+ Ke7
57. Nc5 Bc8 58. Bc7 Kf6 59. Kf2 Re8 60. Ke3 Rg8 61. Bg3 Kf7 62. Kf2 Kf6 63.
h4 Kf7 64. hxg5 Rxg5 65. Bh4 Rg8 66. g3 Rg6 67. Ke3 Rg8 68. Kf4 Rg6 69. Ke5
Rg8 70. Kd6 e5 71. Kxe5 Bh3 72. Nxa6 Bg2 73. Kf4 Ke6 74. Ke3 Kd6 75. Nc5
Rf8 76. f4 Re8 77. Bf6 h4 78. gxh4 Rg8 79. a6 Kc6 80. Bg5 Re8 81. d5+ Kd6
82. Kd4 1-0

[Event "Mazowiecki Festiwal Szachowy - gr. A"]
[Site "Grodzisk Mazowiecki"]
[Date "2007.02.23"]
[Round "4"]
[White "Kuzmicz, Krystian"]
[Black "Sharapov, Evgeny"]
[Result "1/2-1/2"]
[WhiteElo "2418"]
[BlackElo "2437"]
[EventDate "2007.07.20"]

1. e4 c5 2. d3 Nc6 3. g3 g6 4. Bg2 Bg7 5. f4 d6 6. Nf3 e5 7. O-O Nge7 8. c3
O-O 9. Na3 exf4 10. Bxf4 Ne5 11. Nc4 N7c6 12. Nfxe5 dxe5 13. Be3 b6 14. Bf2
Be6 15. Ne3 Rc8 16. Nd5 f5 17. Qd2 g5 18. Bh3 Re8 19. c4 f4 20. Bxe6+ Rxe6
21. Qe2 Qe8 22. g4 Bf8 23. Kg2 Rg6 24. a3 Rb8 25. Rab1 a5 26. b3 Bd6 27.
Rh1 Qe6 28. Rbg1 Rg7 29. a4 h5 30. h3 h4 31. Kf3 Kh7 32. Rd1 Kh8 1/2-1/2

[Event "Mazowiecki Festiwal Szachowy - gr. A"]
[Site "Grodzisk Mazowiecki"]
[Date "2007.02.23"]
[Round "4"]
[White "Tokarski, Lukasz"]
[Black "Yaremko, Nazar"]
[Result "0-1"]
[WhiteElo "2168"]
[BlackElo "2351"]
[EventDate "2007.07.20"]

1. e4 e5 2. Nf3 Nc6 3. Bb5 Nf6 4. O-O Nxe4 5. Re1 Nd6 6. Nxe5 Nxe5 7. Rxe5+
Be7 8. Bd3 O-O 9. Nc3 Bf6 10. Re3 g6 11. b3 Bd4 12. Rh3 Qf6 13. Rf3 Qg7 14.
Rb1 b6 15. Ne2 Be5 16. Re3 Bb7 17. f4 Bf6 18. Ba3 c5 19. Kh1 Rfe8 20. Ng3
Qh6 21. Qg4 Bc6 22. Rbe1 Bg7 23. f5 Rxe3 24. Rxe3 Ne8 25. Ne4 Nf6 26. Nxf6+
Bxf6 27. fxg6 hxg6 28. b4 cxb4 29. Bxb4 a5 30. Bd6 Bg5 31. Re2 Bxd2 32. Bc4
Qg5 33. Qd4 Bb4 34. Bf4 Bc5 35. Qd2 Qf6 36. h3 d5 37. Bxd5 Bxd5 38. Qxd5
Qa1+ 39. Kh2 Bg1+ 40. Kg3 Rc8 41. Be5 Qc1 42. Bd4 Qa3+ 43. Kh4 Bxd4 44.
Qxd4 Qxa2 45. Kg3 Qa3+ 46. Re3 Qc5 47. Qxc5 Rxc5 48. Rb3 b5 49. c3 a4 50.
Ra3 Kf8 51. Kf3 Ke7 52. Ke4 Kd6 53. Kd4 Rd5+ 54. Ke3 Kc5 0-1

[Event "Mazowiecki Festiwal Szachowy - gr. A"]
[Site "Grodzisk Mazowiecki"]
[Date "2007.02.23"]
[Round "4"]
[White "Grabarczyk, Bogdan"]
[Black "Strzemiecki, Zbigniew"]
[Result "0-1"]
[WhiteElo "2437"]
[BlackElo "2306"]
[EventDate "2007.07.20"]

1. e4 e6 2. d4 d5 3. Nc3 Bb4 4. a3 Bxc3+ 5. bxc3 dxe4 6. Qg4 Nf6 7. Qxg7
Rg8 8. Qh6 Nbd7 9. a4 c5 10. a5 Nd5 11. Ne2 N7f6 12. Qd2 Ng4 13. Ng3 e3 14.
fxe3 Ngxe3 15. c4 Nb4 16. Bd3 Qxd4 17. Rb1 Nxc4 18. Rxb4 cxb4 19. Qxb4 Qe5+
20. Kd1 Rg4 21. Re1 Qd6 22. Qc3 Qd4 23. Qb3 Nxa5 24. Qb5+ Nc6 25. Ne4 Rxe4
26. Rxe4 Qg1+ 27. Re1 Qxg2 28. Be3 Qg4+ 29. Kc1 Qb4 30. Qxb4 Nxb4 31. Bxh7
Nd5 32. Bd4 Bd7 33. h4 O-O-O 34. c4 Nf4 35. Bf6 Re8 36. Re5 Bc6 37. h5 Bf3
38. h6 Nh5 39. Bg7 Kd7 40. Re3 Bg4 41. Rd3+ Ke7 42. Ra3 Ra8 43. Bd4 f5 44.
Bg6 Nf4 45. Bxa7 Rc8 46. Bh7 Rxc4+ 47. Kd2 Kf7 48. Bb8 Nd5 49. Ra7 Rb4 50.
Ra8 Nb6 0-1

[Event "Mazowiecki Festiwal Szachowy - gr. A"]
[Site "Grodzisk Mazowiecki"]
[Date "2007.02.23"]
[Round "4"]
[White "Grabarczyk, Miroslaw"]
[Black "Przezdziecka, Marta"]
[Result "1-0"]
[WhiteElo "2482"]
[BlackElo "2315"]
[EventDate "2007.07.20"]

1. d4 Nf6 2. c4 g6 3. Nf3 Bg7 4. g3 d5 5. cxd5 Nxd5 6. Bg2 O-O 7. O-O Nb6
8. Nc3 Nc6 9. e3 Re8 10. d5 Na5 11. Nd4 Bd7 12. Qe2 c5 13. dxc6 Nxc6 14.
Nxc6 Bxc6 15. Bxc6 bxc6 16. Rd1 Qc8 17. Bd2 Qe6 18. Be1 Red8 19. b3 h5 20.
Rac1 h4 21. gxh4 Bf6 22. f3 Bxc3 23. Bxc3 Nd5 24. Bd4 a5 25. e4 Nf4 26. Qe3
Rxd4 27. Rxd4 Qe5 28. Rd2 Qf6 29. e5 Qxh4 30. Rxc6 Kg7 31. Rc4 g5 32. Kh1
Rh8 33. Rc1 Nh5 34. Rg1 Ng3+ 35. Rxg3 Qxg3 36. Rg2 Qh4 37. Qxg5+ Qxg5 38.
Rxg5+ Kh6 39. Rg4 Rd8 40. e6 f5 41. Ra4 Rd5 42. Kg2 Kg6 43. Kg3 Kf6 44. Kf4
Kxe6 45. Kg5 Kf7 46. h4 e6 47. h5 f4+ 48. Kg4 e5 49. Kf5 Kg7 50. Re4 Rd2
51. Kxe5 Rxa2 52. Ra4 Rh2 53. Rxf4 Rxh5+ 54. Rf5 Rh1 55. Kd4 Rh4+ 56. Kc3
a4 57. b4 a3 58. Kb3 a2 59. Ra5 Rf4 60. Rxa2 Rxf3+ 61. Ka4 Kf6 62. Re2 Rf1
63. b5 Rb1 64. Ka5 Ra1+ 65. Kb6 Rb1 66. Ka6 Ra1+ 67. Kb7 1-0

[Event "Mazowiecki Festiwal Szachowy - gr. A"]
[Site "Grodzisk Mazowiecki"]
[Date "2007.02.23"]
[Round "4"]
[White "Nurkiewicz, Maciej"]
[Black "Szymanski, Andrzej"]
[Result "1/2-1/2"]
[WhiteElo "2411"]
[BlackElo "2251"]
[EventDate "2007.07.20"]

1. e4 e6 2. d3 c5 3. g3 Nc6 4. Bg2 d5 5. Nd2 g6 6. Ngf3 Bg7 7. O-O Nge7 8.
Re1 Qc7 9. Qe2 h6 10. h4 b6 11. Nf1 Bb7 12. e5 Nd4 13. Nxd4 cxd4 14. Bf4 g5
15. hxg5 Ng6 16. Nh2 hxg5 17. Bxg5 Bxe5 18. Ng4 Bg7 19. Nf6+ Kf8 20. Qg4
Qd6 21. f4 Ne7 22. Re5 Nf5 23. Rae1 Ne3 24. Qe2 Bxf6 25. Bxf6 Rg8 26. Rg5
Rxg5 27. Bxg5 Rc8 28. c4 Ke8 29. Bh1 Bc6 30. Bf6 dxc4 31. Bxc6+ Rxc6 32.
dxc4 Rxc4 1/2-1/2

[Event "Mazowiecki Festiwal Szachowy - gr. A"]
[Site "Grodzisk Mazowiecki"]
[Date "2007.07.23"]
[Round "4.16"]
[White "Staniszewski, Piotr"]
[Black "Kludacz, Magdalena"]
[Result "1-0"]
[WhiteElo "2402"]
[BlackElo "2244"]
[PlyCount "105"]
[EventDate "2007.??.??"]

1. d4 d5 2. c4 c6 3. Nf3 Nf6 4. Nc3 dxc4 5. a4 Bf5 6. e3 e6 7. Bxc4 Bb4 8. O-O
Nbd7 9. Qb3 a5 10. Na2 Be7 11. Nh4 Bg6 12. g3 Qb6 13. Nc3 Qxb3 14. Bxb3 Nd5 15.
Nxg6 hxg6 16. e4 Nb4 17. Be3 O-O 18. Rfd1 Rfd8 19. Rd2 Rac8 20. Rad1 b6 21. Kf1
Re8 22. Bc4 Red8 23. Ke2 Kf8 24. f4 Kg8 25. Kf3 Kf8 26. h4 Kg8 27. g4 Rb8 28.
g5 Rbc8 29. b3 Rb8 30. Rh1 Kf8 31. h5 gxh5 32. Rxh5 Ke8 33. Rh8+ Bf8 34. g6 Ke7
35. gxf7 Nf6 36. Bf2 Rb7 37. e5 Nbd5 38. exf6+ gxf6 39. Bxd5 cxd5 40. Rh7 Rc7
41. Nb5 Rc1 42. Re2 Rdc8 43. f5 R8c6 44. Rh8 e5 45. dxe5 fxe5 46. Rxe5+ Kxf7
47. Rxd5 Rh6 48. Rd7+ Ke8 49. Rxh6 Bxh6 50. Rh7 Bf8 51. Nc7+ Kd8 52. Ne6+ Ke8
53. Rh8 1-0

[Event "Mazowiecki Festiwal Szachowy - gr. A"]
[Site "Grodzisk Mazowiecki"]
[Date "2007.07.23"]
[Round "4.17"]
[White "Gluszko, Tomasz"]
[Black "Hambardzumian, Yuri"]
[Result "1-0"]
[WhiteElo "2119"]
[BlackElo "2402"]
[PlyCount "75"]
[EventDate "2007.??.??"]

1. d4 Nf6 2. Nc3 d5 3. Bg5 Nbd7 4. Nf3 g6 5. Ne5 Bg7 6. Qd2 O-O 7. f3 c5 8. e3
a6 9. Be2 b5 10. Nxd7 Qxd7 11. dxc5 Bb7 12. Rd1 Rfd8 13. b4 e5 14. O-O h6 15.
Bxf6 Bxf6 16. e4 Bg5 17. f4 exf4 18. Bf3 d4 19. Nd5 Qe6 20. Qxd4 a5 21. a3 axb4
22. axb4 h5 23. c4 Ba6 24. Be2 bxc4 25. Bxc4 Bxc4 26. Qxc4 Re8 27. Rd4 f3 28.
gxf3 Ra3 29. Rd3 Rea8 30. Rxa3 Rxa3 31. c6 Bf4 32. c7 Ra8 33. b5 Kg7 34. b6 Be5
35. b7 Qh3 36. Qe2 Bd4+ 37. Kh1 Ra2 38. c8=Q 1-0

[Event "Mazowiecki Festiwal Szachowy - gr. A"]
[Site "Grodzisk Mazowiecki"]
[Date "2007.07.23"]
[Round "4.18"]
[White "Piorun, Kacper"]
[Black "Witek, Tomasz"]
[Result "1-0"]
[WhiteElo "2359"]
[BlackElo "2105"]
[PlyCount "109"]
[EventDate "2007.??.??"]

1. e4 c5 2. Nf3 d6 3. d4 cxd4 4. Nxd4 a6 5. Nc3 Nf6 6. Bg5 e6 7. f4 Nc6 8. Qd2
Qb6 9. Bxf6 gxf6 10. Nb3 Bd7 11. O-O-O Rc8 12. Kb1 Be7 13. Be2 O-O 14. Rhf1 Kh8
15. g4 a5 16. Bb5 Nb8 17. a4 Rfd8 18. f5 Rg8 19. h3 Bc6 20. fxe6 fxe6 21. Nd4
d5 22. exd5 exd5 23. Nf5 Bb4 24. Nxd5 Bxd2 25. Nxb6 Rcd8 26. Nc4 Bb4 27. Bxc6
Nxc6 28. c3 Bc5 29. Nh6 Rxd1+ 30. Rxd1 Rg6 31. Nf5 h5 32. Rd5 hxg4 33. hxg4 Bg1
34. Nce3 Ne5 35. Rxa5 Nxg4 36. Ne7 Nxe3 37. Nxg6+ Kg7 38. Ne7 Kf7 39. Nf5 Nc4
40. Rb5 b6 41. Kc2 Kg6 42. Kd3 Ne5+ 43. Ke4 Nc4 44. b3 Nd2+ 45. Kd3 Nf3 46. Nd4
Ne5+ 47. Rxe5 fxe5 48. Nf3 Bf2 49. Nxe5+ Kf5 50. Nc6 Ke6 51. Kc4 Kd6 52. Kb5
Be1 53. Kxb6 Bxc3 54. b4 Kd7 55. Kb7 1-0

[Event "Mazowiecki Festiwal Szachowy - gr. A"]
[Site "Grodzisk Mazowiecki"]
[Date "2007.07.23"]
[Round "4.19"]
[White "Adamski, Jan"]
[Black "Skalski, Michal"]
[Result "1/2-1/2"]
[WhiteElo "2354"]
[BlackElo "2330"]
[PlyCount "41"]
[EventDate "2007.??.??"]

1. Nf3 g6 2. c4 Bg7 3. d4 c5 4. e4 Qb6 5. dxc5 Qxc5 6. Bd3 d6 7. h3 Nc6 8. O-O
Nf6 9. Nc3 O-O 10. Be3 Qa5 11. a3 Be6 12. b4 Qd8 13. Rc1 a5 14. Qb3 h6 15. Rcd1
Nd7 16. Be2 Kh7 17. Nd5 axb4 18. axb4 Qb8 19. Nf4 Nf6 20. Bd3 Bd7 21. Rfe1
1/2-1/2

[Event "Mazowiecki Festiwal Szachowy - gr. A"]
[Site "Grodzisk Mazowiecki"]
[Date "2007.07.23"]
[Round "4.20"]
[White "Janczarski, Michal"]
[Black "Deszczynski, Adam"]
[Result "1/2-1/2"]
[WhiteElo "2088"]
[BlackElo "2351"]
[PlyCount "159"]
[EventDate "2007.??.??"]

1. c4 c5 2. g3 Nc6 3. Bg2 g6 4. Nc3 Bg7 5. d3 d6 6. e4 e6 7. Nge2 Nge7 8. O-O
O-O 9. Rb1 a5 10. Kh1 f5 11. exf5 Nxf5 12. Ne4 Rb8 13. N2c3 Nfd4 14. Bg5 Qc7
15. Bf4 Ne5 16. Be3 Nec6 17. Bf4 Ne5 18. Be3 Bd7 19. f4 Nec6 20. Bg1 b5 21. Re1
b4 22. Ne2 Nf5 23. Ng5 Rbe8 24. Nf3 Ncd4 25. Nexd4 cxd4 26. Qd2 e5 27. Ng5 h6
28. Ne4 Bc6 29. fxe5 dxe5 30. a3 Rb8 31. b3 bxa3 32. Qa2 Rb4 33. Qxa3 Rfb8 34.
Qa2 Qb6 35. Nd2 h5 36. Bxc6 Qxc6+ 37. Ne4 Nd6 38. Qxa5 Rxb3 39. Rxb3 Rxb3 40.
Qd8+ Ne8 41. Qd5+ Qxd5 42. cxd5 Rb5 43. d6 Rd5 44. Ra1 Nxd6 45. Ra8+ Kf7 46.
Ra7+ Kf8 47. Rd7 Nxe4 48. Rxd5 Nc3 49. Rd7 g5 50. Kg2 g4 51. Bf2 Na2 52. Be1
Nc1 53. Bb4+ Kg8 54. Kf1 Nxd3 55. Ba3 e4 56. Ke2 h4 57. Rd5 hxg3 58. hxg3 Be5
59. Bd6 Bf6 60. Bc7 Kf7 61. Rd7+ Ke6 62. Rd6+ Ke7 63. Rb6 Be5 64. Bxe5 Nxe5 65.
Rb4 Nf3 66. Rb6 Ne5 67. Rb4 Nc6 68. Rb5 Kd6 69. Rh5 Ne5 70. Rh8 e3 71. Re8 Kd5
72. Rf8 Ke4 73. Rf4+ Kd5 74. Rf8 Nc4 75. Rf5+ Ne5 76. Rf8 Nf3 77. Rg8 Ne5 78.
Rf8 Kc4 79. Rc8+ Kd5 80. Rf8 1/2-1/2

[Event "Mazowiecki Festiwal Szachowy - gr. A"]
[Site "Grodzisk Mazowiecki"]
[Date "2007.07.23"]
[Round "4.21"]
[White "Alvarado, Carlos"]
[Black "Llaneza Vega, Victor"]
[Result "1/2-1/2"]
[WhiteElo "2191"]
[BlackElo "2020"]
[PlyCount "152"]
[EventDate "2007.??.??"]

1. d4 f5 2. g3 Nf6 3. Bg2 d6 4. c3 g6 5. Qb3 c6 6. Nd2 Na6 7. Nh3 Bg7 8. Ng5 d5
9. O-O Nc7 10. Ndf3 Ne4 11. Nh3 Ne6 12. Nf4 Qb6 13. Qc2 O-O 14. Be3 Nxf4 15.
Bxf4 Be6 16. Rad1 Rad8 17. e3 Bf6 18. Bh6 Rfe8 19. h4 Qc7 20. Bf4 Qc8 21. Ne5
Bf7 22. f3 Bxe5 23. Bxe5 Nf6 24. Bh3 Be6 25. Rde1 Rf8 26. Qd2 Nd7 27. Bf4 Nf6
28. Re2 Qd7 29. Rfe1 Rf7 30. Be5 Rdf8 31. Bg2 Nh5 32. b3 b6 33. Qc1 Rc8 34. Kh2
Nf6 35. Rd2 Rff8 36. Red1 Qe8 37. Qa3 Ra8 38. Bf1 Qf7 39. Bf4 Nh5 40. Re1 Rfe8
41. Ba6 Bc8 42. Bd3 Bd7 43. c4 e6 44. Be5 Qe7 45. Bd6 Qf6 46. Be5 Qe7 47. Qc1
Rf8 48. c5 b5 49. Bd6 Qf6 50. Bxf8 Rxf8 51. Rg2 Kh8 52. Qa3 f4 53. exf4 Nxf4
54. Bf1 Nxg2 55. Bxg2 Qxd4 56. Qxa7 Rf7 57. a4 Qb4 58. Qb8+ Kg7 59. Qe5+ Kg8
60. axb5 Qxb5 61. Qc3 Qb8 62. f4 Qf8 63. Ra1 Qg7 64. Qe1 Qd4 65. Ra8+ Kg7 66.
b4 Re7 67. Ra7 Kf6 68. Rb7 Bc8 69. Rb8 Ba6 70. Qc1 Bb5 71. Qa3 Rf7 72. Qa5 Kf5
73. Re8 Qf2 74. Qd8 Rf6 75. g4+ Kxg4 76. Qxf6 Qg3+ 1/2-1/2

[Event "Mazowiecki Festiwal Szachowy - gr. A"]
[Site "Grodzisk Mazowiecki"]
[Date "2007.07.23"]
[Round "4.23"]
[White "Roszkowski, Rafal"]
[Black "Leniart, Arkadiusz"]
[Result "0-1"]
[WhiteElo "2114"]
[BlackElo "2357"]
[PlyCount "112"]
[EventDate "2007.??.??"]

1. e4 e5 2. Nf3 Nc6 3. d4 exd4 4. Nxd4 Bc5 5. Be3 Qf6 6. c3 Qg6 7. Nd2 Nf6 8.
Qe2 Ng4 9. Nc2 Nxe3 10. Nxe3 Ne7 11. Nb3 Bb6 12. Nf5 Qf6 13. Nxe7 Qxe7 14. g3
O-O 15. Bg2 d6 16. Nd4 f5 17. exf5 Qxe2+ 18. Nxe2 Bxf5 19. Rf1 Rae8 20. Kd2 Bg4
21. Nf4 Rxf4 22. gxf4 Re2+ 23. Kd3 Rxb2 24. Bd5+ Kf8 25. f3 Bh3 26. Rfe1 c6 27.
Be6 Rf2 28. Bg4 Bg2 29. Ke4 g6 30. Kd3 h5 31. Bd7 Rxf3+ 32. Kd2 Ba5 33. Rac1 d5
34. f5 gxf5 35. Re8+ Kf7 36. Re2 Bh3 37. Be8+ Kf6 38. Bxh5 Rf4 39. Rg1 Bg4 40.
Bxg4 fxg4 41. Rg3 d4 42. Re8 Bxc3+ 43. Kd3 Kf7 44. Rc8 Ke6 45. Rc7 Kd5 46. Rxb7
a5 47. Rg7 Rf2 48. Rg5+ Kd6 49. R5xg4 Kc5 50. Rg2 Rf3+ 51. Kc2 Kc4 52. h4 Rf1
53. h5 Rh1 54. R4g3 Bb4 55. a3 Bd6 56. Rg6 d3+ 0-1

[Event "Mazowiecki Festiwal Szachowy - gr. A"]
[Site "Grodzisk Mazowiecki"]
[Date "2007.07.23"]
[Round "4.24"]
[White "Sarwinski, Miroslaw"]
[Black "Staroszczyk, Mateusz"]
[Result "1-0"]
[WhiteElo "2313"]
[BlackElo "2050"]
[PlyCount "87"]
[EventDate "2007.??.??"]

1. d4 f5 2. g3 Nf6 3. Bg2 e6 4. Nf3 d5 5. O-O Bd6 6. Nbd2 Nbd7 7. c4 c6 8. Qc2
Ne4 9. Ne1 O-O 10. Nd3 Qf6 11. e3 g5 12. f3 Nxd2 13. Bxd2 f4 14. gxf4 gxf4 15.
Qc3 fxe3 16. Bxe3 dxc4 17. Qxc4 Nb6 18. Qc2 Nd5 19. Qf2 Qf5 20. Rad1 Bd7 21.
Bc1 Be8 22. Qh4 Bh5 23. Bg5 Qg6 24. Kh1 Rf5 25. Bc1 Kh8 26. Rde1 Rg8 27. Qh3
Qg7 28. Rxe6 Nf4 29. Nxf4 Bxf4 30. Bxf4 Rxf4 31. Re4 Rf5 32. f4 Bg4 33. Qg3 Qh6
34. Rfe1 Rh5 35. Re8 Be6 36. Rxg8+ Bxg8 37. Re5 Rxe5 38. dxe5 Qe6 39. b3 Qf5
40. h3 Be6 41. Kh2 Qc2 42. Qg5 Bd5 43. f5 Qe2 44. Qf6+ 1-0

[Event "Mazowiecki Festiwal Szachowy - gr. A"]
[Site "Grodzisk Mazowiecki"]
[Date "2007.07.23"]
[Round "4.25"]
[White "Soloviova, Liza"]
[Black "Nguyen, Piotr"]
[Result "0-1"]
[WhiteElo "2098"]
[BlackElo "2283"]
[PlyCount "88"]
[EventDate "2007.??.??"]

1. d4 Nf6 2. c4 c5 3. e3 g6 4. Nc3 Bg7 5. g3 cxd4 6. exd4 d5 7. cxd5 Nxd5 8.
Bg2 Nxc3 9. bxc3 O-O 10. Ne2 Nc6 11. O-O Bf5 12. Be3 Na5 13. d5 Nc4 14. Bd4 Bh6
15. Nc1 Rc8 16. a4 b6 17. Qe2 Re8 18. g4 e5 19. Bxb6 Nxb6 20. gxf5 Nxd5 21.
Bxd5 Qxd5 22. fxg6 hxg6 23. Rd1 Qa5 24. Na2 e4 25. Qb5 Qc7 26. Nb4 Qf4 27. Nd5
Qg4+ 28. Kf1 Qh3+ 29. Kg1 Bg7 30. Qf1 Qh4 31. Qa6 Qg4+ 32. Kf1 Qh3+ 33. Ke2
Qf3+ 34. Kf1 Rc5 35. Qd6 e3 36. Nxe3 Rxe3 37. Qd8+ Bf8 38. Kg1 Qg4+ 39. Kh1
Ree5 40. Rd3 Rcd5 41. Rxd5 Qf3+ 42. Kg1 Rxd5 43. Qh4 Rh5 44. Qg3 Qd5 0-1

[Event "Mazowiecki Festiwal Szachowy - gr. A"]
[Site "Grodzisk Mazowiecki"]
[Date "2007.07.23"]
[Round "4.27"]
[White "Tokarski, Bartosz"]
[Black "Stoma, Pawel"]
[Result "0-1"]
[WhiteElo "2100"]
[BlackElo "2233"]
[PlyCount "82"]
[EventDate "2007.??.??"]

1. e4 c5 2. Nf3 e6 3. d4 cxd4 4. Nxd4 a6 5. Bd3 Nf6 6. O-O Qc7 7. Qe2 Bd6 8.
Kh1 Nc6 9. Nxc6 dxc6 10. f4 e5 11. f5 b5 12. Bg5 Be7 13. a4 Bb7 14. axb5 cxb5
15. Nc3 O-O 16. Bxf6 Bxf6 17. Nd5 Qd6 18. c4 Bxd5 19. exd5 bxc4 20. Bxc4 a5 21.
Qe4 Rfb8 22. b3 Bd8 23. Rfe1 Bb6 24. Ra4 Bd4 25. Qg4 Kf8 26. Rf1 Rb6 27. Qh4
Qf6 28. Qe1 Re8 29. Qxa5 Qg5 30. Bb5 Reb8 31. Qb4+ Kg8 32. Qc4 h5 33. Ra5 Qe3
34. Ba4 Rb4 35. Qc1 Qe2 36. Qd1 Qe3 37. d6 Bc5 38. d7 Rd8 39. Qxh5 Rf4 40. Qd1
Rh4 41. Ra6 Qg3 0-1